Normal view MARC view

Entry Nome pessoal

Number of records used in: 2

001 - NÚMERO DE CONTROLE

  • campo de controle: 318

003 - IDENTIFICADOR DO NÚMERO DE CONTROLE

  • campo de controle: Br

005 - DATA E HORÁRIO DA ÚLTIMA TRANSAÇÃO

  • campo de controle: 20250130091710.0

008 - CAMPO DE DADOS FIXOS

  • campo de controle de tamanho fixo: 980701|| acnnnaab| aaaa d

035 ## - NÚMERO DE CONTROLE DO SISTEMA

  • Número de Controle do Sistema: 98070109220771E17

040 ## - FONTE DA CATALOGAÇÃO

  • Instituição da catalogação original: Br
  • Instituição que transcreveu o registro: Br
  • Convenções de cabeçalho de assunto/tesauros: Br

100 1# - CABEÇALHO--NOME PESSOAL

  • Nome pessoal: Cook, Robin,
  • Datas associadas ao nome: 1940-

400 1# - REMISSIVA VER--NOME PESSOAL

  • Nome pessoal: Cook, Robert Brian
  • Datas associadas ao nome: 1940-

670 ## - FONTE POSITIVA DOS DADOS

  • Citação da fonte positiva dos dados: Autor de: Coma. [1979?].

670 ## - FONTE POSITIVA DOS DADOS

  • Citação da fonte positiva dos dados: LC on-line 28/06/98
  • Dados encontrados na fonte localizada no subcampo: (d.n.)

670 ## - FONTE POSITIVA DOS DADOS

  • Citação da fonte positiva dos dados: Seu: "Cromossomo 6"... 1998.

670 ## - FONTE POSITIVA DOS DADOS

  • Citação da fonte positiva dos dados: CA-FGV

670 ## - FONTE POSITIVA DOS DADOS

  • Citação da fonte positiva dos dados: Seu: Febre. 2002.

670 ## - FONTE POSITIVA DOS DADOS

  • Citação da fonte positiva dos dados: http://pt.wikipedia.org/ 30/04/2014
  • Dados encontrados na fonte localizada no subcampo: (nasceu em 04/05/1940, em Nova Iorque; formado em medicina pela Universidade de Columbia; escritor)

670 ## - FONTE POSITIVA DOS DADOS

  • Citação da fonte positiva dos dados: http://en.wikipedia.org/ 30/04/2014
  • Dados encontrados na fonte localizada no subcampo: (n.c.)

856 ## - LOCALIZAÇÃO ELETRÔNICA E ACESSO

  • Uniform Resource Identifier: http://www.robincook.com/
  • Nota pública: Robin Cook

Powered by Koha